| 000 | 02175nam a22004334i 4500 | ||
|---|---|---|---|
| 999 |
_c64200 _d64200 |
||
| 001 | 3716018 | ||
| 003 | CO-MdFUSB | ||
| 005 | 20180220120009.0 | ||
| 008 | 801114s1981 pau g b 001 0 eng | ||
| 010 | _a 80002380 | ||
| 020 | _a0800606523 | ||
| 040 |
_aDLC _dCO-MdFUSB _bspa _cCO-MdFUSB _erda |
||
| 041 | 1 | _aeng | |
| 082 | 0 | 0 |
_224 _aG 224.93 _bW855m |
| 100 | 1 |
_aWolff, Hans Walter. _eautor |
|
| 240 | 0 | 0 | _aMit Micha reden : prophetie einst und jetzt |
| 242 | 0 | 0 |
_aMiqueas el profeta _lInglés |
| 245 | 0 | 0 |
_aMicah the prophet _c/ Hans Walter Wolff ; traducido por Ralph D. Gehrke. |
| 264 | 1 |
_aPhiladelphia : _bFortress Press ; _c℗[1981] |
|
| 264 | 4 | _c©1981 | |
| 300 |
_axi, 223 páginas ; _c23 cm. _b: |
||
| 336 |
_2rdacontent _atexto _btxt |
||
| 337 |
_2rdamedia _asin mediación _bn |
||
| 338 |
_2rdacarrier _avolumen _bnc |
||
| 500 | _aTraducción del alemán Mit Micha reden. | ||
| 501 | _aIncluye indice (página 221-223) | ||
| 504 | _aIncluye referencias bibliográficas (páginas 221-217) | ||
| 505 | 0 | _aMiqueas de Moresheth: El perfil de un profeta -- La cultura de miqueas y el transfondo intelectual -- El golpe inminente del Señor: Miqueas 1 -- ¡No codiciarás! Miqueas 2: 1-11 -- La reunión y la ruptura: Miqueas 2: 12-13 -- Contra el profeta que conduce a mi pueblo por mal camino: Miqueas 3 -- El futuro de Sion: Miqueas 3:9 - 5:14 -- Principios claros Miqueas 6 -- Confusión y perdón: Miqueas 7 -- "Certeza de fe" y responsabilidad pública: Miqueas 2-3 -- ¿Qué vendrá para la iglesia? Miqueas 3-5 -- "No se enseñaran más para la guerra" Miqueas: 4: 1-5 -- ¡Ay de los sueños ilusorios! (Las raíces del terrorismo): Miqueas 2 -- ¿Qué es bueno para un ser humano? (viviendo con terror): Miqueas 6 -- El Camino del Aislamiento (Victoria sobre el terror): Miqueas 7 | |
| 563 | _aTapa dura | ||
| 650 | 0 |
_9360 _aBiblia _bEvidencias, autoridad, etc. |
|
| 653 | _aInterpretación | ||
| 653 | _aCrítica | ||
| 653 | _aMiqueas | ||
| 700 |
_aGehrke., Ralph D. _etraductor |
||
| 906 |
_a7 _bcbc _corignew _du _eocip _f19 _gy-gencatlg |
||
| 942 | _cBK | ||